Regional Aspects of the Development of Municipal Waste

Definícia komunálneho a stavebného odpadu a ich manažment podľa zákona č. 79/2019 Z. z. Analýza rozvoja množstva komunálneho a stavebného odpadu s dôrazom na zmiešaný odpad, tiež na nakladanie s nimi, v slovenských regiónoch v období 2009-2017.

Salvato in:
Dettagli Bibliografici
Autore principale: Bačová, Monika
Altri autori: Stričík, Michal, 1969-
Natura: Capitolo di libro
Lingua:inglese
Soggetti:
Tags: Aggiungi Tag
Nessun Tag, puoi essere il primo ad aggiungerne!!

MARC

LEADER 00000naa$a2200000$$$4500
001 0253237
005 20240502083723.5
041 0 |a eng 
044 |a NL 
245 1 0 |a Regional Aspects of the Development of Municipal Waste  |c M. Bačová, M. Stričík 
520 |a Definícia komunálneho a stavebného odpadu a ich manažment podľa zákona č. 79/2019 Z. z. Analýza rozvoja množstva komunálneho a stavebného odpadu s dôrazom na zmiešaný odpad, tiež na nakladanie s nimi, v slovenských regiónoch v období 2009-2017. 
610 2 0 |a hospodárstvo odpadové 
610 2 0 |a odpad 
610 2 0 |a odpad komunálny 
610 2 0 |a likvidácia odpadu 
610 2 0 |a Slovensko 
610 2 0 |a regióny 
610 2 0 |a legislatíva 
100 1 |a Bačová, Monika 
700 1 |a Stričík, Michal, 1969-